<?xml version="1.0" encoding="UTF-8"?>
<record
    xmlns:xsi="http://www.w3.org/2001/XMLSchema-instance"
    xsi:schemaLocation="http://www.loc.gov/MARC21/slim http://www.loc.gov/standards/marcxml/schema/MARC21slim.xsd"
    xmlns="http://www.loc.gov/MARC21/slim">

  <leader>01168nam a22002657a 4500</leader>
  <controlfield tag="005">20170124103122.0</controlfield>
  <datafield tag="010" ind1=" " ind2=" ">
    <subfield code="a">TA-004700</subfield>
  </datafield>
  <datafield tag="020" ind1=" " ind2=" ">
    <subfield code="c">07.50</subfield>
  </datafield>
  <datafield tag="035" ind1=" " ind2=" ">
    <subfield code="a">TA-004700</subfield>
  </datafield>
  <datafield tag="037" ind1=" " ind2=" ">
    <subfield code="b">Cen Lib/Ret</subfield>
  </datafield>
  <datafield tag="040" ind1=" " ind2=" ">
    <subfield code="a">DPL</subfield>
    <subfield code="b">HN</subfield>
  </datafield>
  <datafield tag="082" ind1=" " ind2=" ">
    <subfield code="a">330</subfield>
    <subfield code="b">&#x930;&#x93F;&#x915;&#x93E;&#x930;&#x94D;&#x921;&#x94B; </subfield>
  </datafield>
  <datafield tag="100" ind1=" " ind2=" ">
    <subfield code="a">&#x930;&#x93F;&#x915;&#x93E;&#x930;&#x94D;&#x921;&#x94B;, &#x921;&#x947;&#x935;&#x93F;&#x921; </subfield>
    <subfield code="9">82156</subfield>
  </datafield>
  <datafield tag="245" ind1=" " ind2=" ">
    <subfield code="a">&#x930;&#x93E;&#x91C;&#x94D;&#x92F; &#x915;&#x940; &#x905;&#x930;&#x94D;&#x925;-&#x935;&#x94D;&#x92F;&#x935;&#x938;&#x94D;&#x925;&#x93E; &#x914;&#x930; &#x915;&#x930;-&#x938;&#x93F;&#x927;&#x94D;&#x926;&#x93E;&#x928;&#x94D;&#x924; /</subfield>
    <subfield code="c">&#x921;&#x947;&#x935;&#x93F;&#x921; &#x930;&#x93F;&#x915;&#x93E;&#x930;&#x94D;&#x921;&#x94B; ; &#x905;&#x928;&#x941;&#x935;&#x93E;&#x926;&#x915; &#x905;&#x92F;&#x94B;&#x927;&#x94D;&#x92F;&#x93E; &#x938;&#x93F;&#x902;&#x939; </subfield>
  </datafield>
  <datafield tag="246" ind1=" " ind2=" ">
    <subfield code="a">Rajye ki arth-vyavstha aur kar-siddhant /</subfield>
    <subfield code="b">by David Ricardo ; anuvadak Ayodhya Singh </subfield>
  </datafield>
  <datafield tag="260" ind1=" " ind2=" ">
    <subfield code="b">&#x90F;&#x935;&#x94D;&#x930;&#x940;&#x92E;&#x947;&#x902;&#x938; &#x932;&#x93E;&#x907;&#x92C;&#x94D;&#x930;&#x947;&#x930;&#x940; </subfield>
    <subfield code="a">&#x932;&#x928;&#x94D;&#x926;&#x928; </subfield>
    <subfield code="c">1965</subfield>
  </datafield>
  <datafield tag="270" ind1=" " ind2=" ">
    <subfield code="b">&#x932;&#x928;&#x94D;&#x926;&#x928; </subfield>
  </datafield>
  <datafield tag="300" ind1=" " ind2=" ">
    <subfield code="a">372&#x92A;&#x943;. </subfield>
    <subfield code="c">20&#x938;&#x947;&#x92E;&#x940;(&#x938;&#x91C;&#x93F;&#x932;&#x94D;&#x926;)</subfield>
  </datafield>
  <datafield tag="650" ind1=" " ind2=" ">
    <subfield code="a">&#x935;&#x93F;&#x926;&#x947;&#x936;&#x940; &#x935;&#x94D;&#x92F;&#x93E;&#x92A;&#x93E;&#x930; </subfield>
    <subfield code="9">82157</subfield>
  </datafield>
  <datafield tag="650" ind1=" " ind2=" ">
    <subfield code="a">&#x938;&#x94B;&#x928;&#x947; &#x92A;&#x930; &#x915;&#x930; </subfield>
    <subfield code="9">82158</subfield>
  </datafield>
  <datafield tag="650" ind1=" " ind2=" ">
    <subfield code="a">Foreign trade</subfield>
    <subfield code="9">4043</subfield>
  </datafield>
  <datafield tag="650" ind1=" " ind2=" ">
    <subfield code="a">Tax on gold</subfield>
    <subfield code="9">82159</subfield>
  </datafield>
  <datafield tag="700" ind1=" " ind2=" ">
    <subfield code="a">&#x938;&#x93F;&#x902;&#x939;, &#x905;&#x92F;&#x94B;&#x927;&#x94D;&#x92F;&#x93E; </subfield>
    <subfield code="9">82160</subfield>
  </datafield>
  <datafield tag="942" ind1=" " ind2=" ">
    <subfield code="2">ddc</subfield>
    <subfield code="c">HN</subfield>
    <subfield code="h">330</subfield>
    <subfield code="m">&#x930;&#x93F;&#x915;&#x93E;&#x930;&#x94D;&#x921;&#x94B; </subfield>
  </datafield>
  <datafield tag="999" ind1=" " ind2=" ">
    <subfield code="c">118845</subfield>
    <subfield code="d">118845</subfield>
  </datafield>
  <datafield tag="952" ind1=" " ind2=" ">
    <subfield code="0">0</subfield>
    <subfield code="1">0</subfield>
    <subfield code="4">0</subfield>
    <subfield code="7">0</subfield>
    <subfield code="a">L</subfield>
    <subfield code="b">L</subfield>
    <subfield code="d">2015-09-14</subfield>
    <subfield code="e">Cen Lib/Ret</subfield>
    <subfield code="g">7.50</subfield>
    <subfield code="l">0</subfield>
    <subfield code="o">330 &#x930;&#x93F;&#x915;&#x93E;&#x930;&#x94D;&#x921;&#x94B;</subfield>
    <subfield code="p">TA-004700</subfield>
    <subfield code="r">2015-09-14 00:00:00</subfield>
    <subfield code="t">1</subfield>
    <subfield code="v">7.50</subfield>
    <subfield code="w">2015-09-14</subfield>
    <subfield code="y">HN</subfield>
  </datafield>
  <datafield tag="952" ind1=" " ind2=" ">
    <subfield code="0">0</subfield>
    <subfield code="1">0</subfield>
    <subfield code="4">0</subfield>
    <subfield code="7">0</subfield>
    <subfield code="a">L</subfield>
    <subfield code="b">L</subfield>
    <subfield code="d">2016-02-16</subfield>
    <subfield code="e">Cen Lib/Ret</subfield>
    <subfield code="g">7.50</subfield>
    <subfield code="l">0</subfield>
    <subfield code="o">330 &#x930;&#x93F;&#x915;&#x93E;&#x930;&#x94D;&#x921;&#x94B;</subfield>
    <subfield code="p">TA-004837</subfield>
    <subfield code="r">2016-02-16 00:00:00</subfield>
    <subfield code="t">2</subfield>
    <subfield code="v">7.50</subfield>
    <subfield code="w">2016-02-16</subfield>
    <subfield code="y">HN</subfield>
  </datafield>
</record>
